| 000 | 00560nam a2200157Ia 4500 | ||
|---|---|---|---|
| 008 | 151213s9999 xx 000 0 und d | ||
| 100 | _aআবু তাহের মজুমদার। | ||
| 245 |
_aপ্রেমের কবিতা। _cআবু তাহের মজুমদার। |
||
| 250 | _a১ম সং | ||
| 260 |
_aঢাকা _bঅঙ্কুর প্রকাশনী _c2007 |
||
| 300 | _a4293 p. | ||
| 650 | _aBangla | ||
| 650 | _aকবিতা | ||
| 700 | _aআবু তাহের মজুমদার। | ||
| 999 |
_c2708 _d2708 |
||